College Quizbowl Stats
College Quizbowl Stats
Circuits
Seasons
Sets
Records
Detailed Stats
About
Loading...
2024 ACF Fall at Claremont Colleges
Tossups
Bonuses
Players
Teams
Categories (Tossup)
Categories (Bonus)
Dhruv Jain (DII)
USC
Categories
Category
Powers
Gets
Negs
BBs
Points
Earliest Buzz
Avg. Buzz
First Buzzes
Top 3 Buzzes
Current Events
0
1
0
0
10
87
87.00
0
1
Geography
0
1
0
0
10
101
101.00
0
1
History - European History
0
1
0
1
10
118
118.00
0
0
History - Other History
0
1
0
0
10
93
93.00
0
0
Buzzes
Category
Answer
Value
Buzz Position
Current Events
South Korea
10
87
History - Other History
Turkey
10
93
Geography
the Alps
10
101
History - European History
Kingdom of Hungary
10
118
Previous
1
Next